000
00320nam a2200121 a 4500
001
000002452
005
20200929150209.0
008
090702s2006 000 spa d
020
_a
8489384630
245
0
_a
Libros escogidos de literatura infantil (8-11 aƱos) 2004-2005.
260
_a
Madrid,
_c
2006.
999
_c
2288
_d
2288
040
_a
DO-SdBNP